Регионална библиотека "Любен Каравелов" - Русе

Пробудна песен (Запис номер 322416)

MARC детайли
000 -Лидер
Контролно поле с фиксирана дължина 01130nca a2200301 a 4500
003 - Код на организацията, давaща контролен номер
Контролно поле BLK
005 - Дата и час на последна редакция
Контролно поле 20250127160903.0
008 - Елементи от данни с фиксирана дължина
fixed length control field 180414c bul|r|ner|||| 00| c0bul d
010 ## - Наследен системен номер
LC control number NOT00004161016
040 ## - Източник на каталожния запис
Идентификатор на билиотеката - собственик на записа BLK
041 ## - Код за език
Код за езика на текст/звукозапис или на отделно заглавие Български
Код за езика КДБФ Български
080 ## - УДК
Текстов определител УДК Вокална музика
УДК код - определител по УДК 784
УДК - код + определител 784
100 ## - Редна дума - Автор
Автор Попов, Тодор
Авторска отговорност първи автор
R(LIN) 1299
139 ## - Редно поле
Редна дума Попов, Тодор
Авторски знак Попов - П 76
245 10 - Сведения за заглавието
Заглавие Пробудна песен
Редно поле (дума) Тодор Попов; текст Христо Ясенов.
Подзаглавни данни за среден глас и пиано
257 ## - Страна на издаване
Страна на създаване/издаване България
260 ## - Област на издателските данни
9 (RLIN) 209548
Място на издаване, разпространение и проч. София
Име на издателя, разпространителя и проч. Наука и изкуство
Година на издаване 1955
Издателство - префикс ISBN 978-954-02-
300 ## - Физическа характеристика
Страници 6 с.
Размери/Мащаб 29 см
380 ## - Жанр
Жанр Изкуство
650 #7 - Допълнително описание по предмет – тема
Основно описание – тема или топоним Пиано - съпровод
Източник на редна или ключова дума
9 (RLIN) 166264
650 #7 - Допълнително описание по предмет – тема
9 (RLIN) 151225
Основно описание – тема или топоним Вокална музика
700 1# - Други автори (авторска отговорност)
Лично име Ясенов, Христо
Автороска отговорност (Описва отношението между автора и произведението) текст
Друга информация Туджаров, Христо Павлов
9 (RLIN) 383920
773 ## - Описание на основна библиографска единица при аналитични записи (многотомни)
Host Biblionumber 322400
Host Itemnumber 676173
Заглавие Солови песни за глас и пиано
852 ## - Местоположение
Форматна сигнатура Цб М ІІ 1109
Фондова буква Хранилище
999 ## - СИСТЕМНИ КОНТРОЛНИ НОМЕРА
Koha biblionumber 322416
Koha biblioitemnumber 322416
942 ## - АРТИКУЛИ
Вид на библиотечния материал Нотни издания
Скрит в OPAC Не
Периодичен библиозапис Да
944 ## - СЪЗДАВАНЕ И РЕДАКЦИЯ на ЗАПИСА
Създаване/Редакция Създаване
Дата на регистрацията/редакция 2020-04-20
Служител, извършил регистрацията/редакцията 30560
Статус, дата на статуса Геновева Генчева
999 ## - СИСТЕМНИ КОНТРОЛНИ НОМЕРА
Koha biblioitemnumber 322416
Наличности
Код за отписване Код за изгубен артикул Източник на класификационната схема Код за повреда Коз за рестрикции Код за отдаване Артикулен № Име на библиотеката - собственик Име на библиотеката, в която се намира в момента Статус (Текущо местоположение) Дата на вписване в системата Местоположение - отдел Цена в лева Инвентарен номер Баркод Номер на екземпляра Цена в евро Служебен тип на артикула Бележка за публиката Систематично азбучна сигнатура
Изтеглен Не е изгубен Universal Decimal Classification Не е повреден само за читалня ползва се в читалня 676190 Регионална библиотека "Любен Каравелов" Русе Регионална библиотека "Любен Каравелов" Русе Изкуство - справочен фонд 2018-04-14 Отдел Изкуство - подръчен фонд 0.00 901600004161 901600004161 16 0.00 Нотни издания Това е описние на част от артикул: Солови песни за глас и пиано  
  Не е изгубен Universal Decimal Classification Не е повреден само за читалня ползва се в читалня 763482 Регионална библиотека "Любен Каравелов" Русе Регионална библиотека "Любен Каравелов" Русе Хранилище 2020-04-22 Хранилище 0.28 6819/57 900000006567   0.14 Нотни издания   Цб М ІІ 1109
  Не е изгубен Universal Decimal Classification Не е повреден само за читалня ползва се в читалня 763483 Регионална библиотека "Любен Каравелов" Русе Регионална библиотека "Любен Каравелов" Русе Хранилище 2020-04-22 Хранилище 0.28 6913/55 900000006568   0.14 Нотни издания   Цб М ІІ 1109
Vip Innovations Ltd, Rousse, Bulgaria 2025